Introduction to the soils of Wisconsin, (Record no. 29020)

MARC details
000 -LEADER
fixed length control field 00937cam a22002531 4500
001 - CONTROL NUMBER
control field gs 56000040
003 - CONTROL NUMBER IDENTIFIER
control field DLC
005 - DATE AND TIME OF LATEST TRANSACTION
control field 20260227111403.0
008 - FIXED-LENGTH DATA ELEMENTS--GENERAL INFORMATION
fixed length control field 780830s1955 wiuab s000 0 eng c
010 ## - LIBRARY OF CONGRESS CONTROL NUMBER
LC control number gs 56000040
035 ## - SYSTEM CONTROL NUMBER
System control number (OCoLC)4179446
040 ## - CATALOGING SOURCE
Original cataloging agency U. S. Geol. Survey. Library
Transcribing agency AzU
Modifying agency DLC
042 ## - AUTHENTICATION CODE
Authentication code premarc
050 00 - LIBRARY OF CONGRESS CALL NUMBER
Classification number QE179
Item number .A2 no. 79
100 1# - MAIN ENTRY--PERSONAL NAME
Personal name Hole, Francis Doan,
Dates associated with a name 1913-
245 00 - TITLE STATEMENT
Title Introduction to the soils of Wisconsin,
Statement of responsibility, etc. by Francis D. Hole and Gerhard B. Lee.
260 ## - PUBLICATION, DISTRIBUTION, ETC.
Place of publication, distribution, etc. Madison,
Date of publication, distribution, etc. 1955.
300 ## - PHYSICAL DESCRIPTION
Extent 48 p.
Other physical details illus., maps, diagrs., tables.
Dimensions 23 cm.
490 1# - SERIES STATEMENT
Series statement Wisconsin. Geological and Natural History Survey. Bulletin,
Volume/sequential designation no. 79.
Series statement Educational series,
Volume/sequential designation no. 10
500 ## - GENERAL NOTE
General note Caption title.
500 ## - GENERAL NOTE
General note In cooperation with the Soils Dept., Wisconsin College of Agriculture.
650 #0 - SUBJECT ADDED ENTRY--TOPICAL TERM
Topical term or geographic name entry element Soils
Geographic subdivision Wisconsin.
810 2# - SERIES ADDED ENTRY--CORPORATE NAME
Corporate name or jurisdiction name as entry element Wisconsin Geological and Natural History Survey.
Title of a work Bulletin ;
Volume/sequential designation no. 79.

No items available.

Powered by Koha